Fiber-reinforced composites : Materials, manufacturing, and design

Clarifies the differences in the characteristics and behavior of fiber-reinforced polymers and common structural metals and presents fundamental design considerations and useful equations. Contains tables, illustrations, bibliographies, and listings of available computer programs, journals, societie...

Full beskrivning

Sparad:
Bibliografiska uppgifter
Huvudupphovsman: Mallick, P. K.
Materialtyp: Bok
Språk:Undetermined
Publicerad: Boca Raton, FL CRC Press 2008
Ämnen:
Taggar: Lägg till en tagg
Inga taggar, Lägg till första taggen!
Thư viện lưu trữ: Trung tâm Học liệu Trường Đại học Cần Thơ
LEADER 01014nam a2200217Ia 4500
001 CTU_134382
008 210402s9999 xx 000 0 und d
020 |c 1361000 
082 |a 620.118 
082 |b M254 
100 |a Mallick, P. K. 
245 0 |a Fiber-reinforced composites : 
245 0 |b Materials, manufacturing, and design 
245 0 |c P. K. Mallick 
260 |a Boca Raton, FL 
260 |b CRC Press 
260 |c 2008 
520 |a Clarifies the differences in the characteristics and behavior of fiber-reinforced polymers and common structural metals and presents fundamental design considerations and useful equations. Contains tables, illustrations, bibliographies, and listings of available computer programs, journals, societies, and other information for practicing engineers. Includes worked-out examples and problems for students. 
650 |a Fibrous composites,Vật liệu tổng hợp 
904 |i Trọng Hải 
980 |a Trung tâm Học liệu Trường Đại học Cần Thơ